Therapeutic Management of Incontinence and Pelvic Pain: pelvic organ disorders (Record no. 1145)

MARC details
000 -LEADER
fixed length control field 00891cam a22002894a 4500
001 - CONTROL NUMBER
control field 12521152
003 - CONTROL NUMBER IDENTIFIER
control field OSt
005 - DATE AND TIME OF LATEST TRANSACTION
control field 20180426140621.0
008 - FIXED-LENGTH DATA ELEMENTS--GENERAL INFORMATION
fixed length control field 010831s2002 enka b 001 0 eng
010 ## - LIBRARY OF CONGRESS CONTROL NUMBER
LC control number 2001049604
020 ## - INTERNATIONAL STANDARD BOOK NUMBER
International Standard Book Number 1852332247
035 ## - SYSTEM CONTROL NUMBER
System control number (DNLM)101127055
040 ## - CATALOGING SOURCE
Original cataloging agency DNLM/DLC
Transcribing agency DLC
Modifying agency DLC
042 ## - AUTHENTICATION CODE
Authentication code pcc
050 00 - LIBRARY OF CONGRESS CALL NUMBER
Classification number RC946
Item number .T47 2002
060 10 - NATIONAL LIBRARY OF MEDICINE CALL NUMBER
Classification number WJ 146
Item number T398 2002
082 00 - DEWEY DECIMAL CLASSIFICATION NUMBER
Classification number WJ 146 T398 2002
Edition number 21
100 ## - MAIN ENTRY--PERSONAL NAME
Personal name Editors Laycock, Jo; Haslam, Jeanette
9 (RLIN) 11158
245 00 - TITLE STATEMENT
Title Therapeutic Management of Incontinence and Pelvic Pain: pelvic organ disorders
260 ## - PUBLICATION, DISTRIBUTION, ETC. (IMPRINT)
Place of publication, distribution, etc. London ;
Name of publisher, distributor, etc. Springer,
Date of publication, distribution, etc. c2002.
300 ## - PHYSICAL DESCRIPTION
Extent xxi, 265 p. :
Other physical details ill. ;
Dimensions 27 cm.
504 ## - BIBLIOGRAPHY, ETC. NOTE
Bibliography, etc Includes bibliographical references and index.
650 #0 - SUBJECT ADDED ENTRY--TOPICAL TERM
Topical term or geographic name as entry element Therapeutics
9 (RLIN) 3129
650 #0 - SUBJECT ADDED ENTRY--TOPICAL TERM
Topical term or geographic name as entry element Pelvic pain management
9 (RLIN) 3130
906 ## - LOCAL DATA ELEMENT F, LDF (RLIN)
a 7
b cbc
c orignew
d 1
e ocip
f 20
g y-gencatlg
942 ## - ADDED ENTRY ELEMENTS (KOHA)
Source of classification or shelving scheme Other/Generic Classification Scheme
Koha item type Short Loan
Holdings
Withdrawn status Lost status Source of classification or shelving scheme Damaged status Not for loan Home library Current library Date acquired Source of acquisition Inventory number Total Checkouts Full call number Barcode Date last seen Koha item type
    Other/Generic Classification Scheme     MUST Main Library MUST Main Library 03/03/2015   03/18229   WJ146 T398l 2002 2015-0452 03/03/2015 Short Loan